000
00232nam a2200085Ia 4500
008
170620s9999 xx 000 0 und d
100
_a
Peterson- H. Craig
245
0
_a
Managerial Economics
260
_b
New Delhi- Prentice Hall of India Pvt. Ltd.
260
_c
2001
999
_c
23760
_d
23760